| 000 | 00397nam a2200145Ia 4500 | ||
|---|---|---|---|
| 008 | 230917s9999||||xx |||||||||||||| ||und|| | ||
| 040 |
_e138139 _aMAIN |
||
| 041 | _aEnglish | ||
| 082 | _a658.3 S14E | ||
| 100 | _aRao, P Subba | ||
| 245 | 0 | _aEssentials of human resource management and industtrial relations | |
| 260 |
_aMumbai _bHimalaya Publishing House _c1996 |
||
| 300 | _a495 p. | ||
| 942 | _cBK | ||
| 999 |
_c98804 _d98804 |
||